鉄軌道と索道の両方を保有する鉄道会社 - Statistics

General Stats
  • This quiz has been taken 93 times
  • The average score is 3 of 13
Answer Stats
会社名 ロープウェイ % Correct
近畿日本鉄道 葛城山ロープウェイ
89%
小田急箱根 箱根ロープウェイ
47%
京福電気鉄道 叡山ロープウェイ
28%
山陽電気鉄道 須磨浦ロープウェイ
22%
立山黒部貫光 立山ロープウェイ
19%
静岡鉄道 日本平ロープウェイ
15%
筑波観光鉄道 筑波山ロープウェイ
14%
遠州鉄道 かんざんじロープウェイ
12%
近江鉄道 八幡山ロープウェイ
9%
富士山麓電気鉄道 〜河口湖〜 富士山パノラマロープウェイ
8%
こうべ未来都市機構 六甲有馬ロープウェイ・摩耶ロープウェイ
4%
四国ケーブル 太龍寺ロープウェイ・雲辺寺ロープウェイ
4%
錦川鉄道 岩国城ロープウェー
3%
No matching quizzes found
Score Distribution
Percent of People with Each Score
Percentile by Number Answered
Your Score History
You have not taken this quiz